| 000 | 00870nam a2200253 i 4500 | ||
|---|---|---|---|
| 001 | 146383 | ||
| 003 | ES-MaACL | ||
| 005 | 20250901075249.0 | ||
| 007 | t| | ||
| 008 | 070907s1954 fr f |||| | spa d | ||
| 100 | 1 |
_aNicol, John. _985552 |
|
| 245 | 1 | 3 |
_aLa Tribuna Radiofónica Rural del Canadá / _cJohn Nicol, Albert A. Shea, J.P. Simmins ; coordinador, R. Alex Sim. |
| 260 |
_aParís : _bUnesco, _c1954. |
||
| 300 |
_a262 p., 3 lám. : _bil. ; _c22 cm. |
||
| 490 | 1 | _aPrensa, cine y radio en el mundo de hoy | |
| 650 | 7 |
_aProgramas de radio- _zCanadá _2 _9164918 |
|
| 650 | 7 |
_aRadio en la enseñanza _2embne _916666 |
|
| 700 | 1 |
_aShea, Albert A. _9171096 |
|
| 700 | 1 |
_aSimmins, J. P. _9106483 |
|
| 710 | 2 |
_aUnesco. _96999 |
|
| 830 | 1 |
_aPrensa, cine y radio en el mundo de hoy _9220836 |
|
| 852 |
_aES-MaACL _jC-2188 |
||
| 999 |
_c146383 _d146383 |
||